Concepts of Modern Physics (Record no. 79677)

MARC details
000 -LEADER
fixed length control field 00365pam a2200157 a 4500
020 ## - INTERNATIONAL STANDARD BOOK NUMBER
Terms of availability
041 ## - LANGUAGE CODE
Language code of text/sound track or separate title eng
082 ## - DEWEY DECIMAL CLASSIFICATION NUMBER
Item number BEI
100 ## - MAIN ENTRY--PERSONAL NAME
Personal name Beiser Arthur.
245 ## - TITLE STATEMENT
Title Concepts of Modern Physics
Medium Textual Documents
250 ## - EDITION STATEMENT
Edition statement 6.
260 ## - PUBLICATION, DISTRIBUTION, ETC.
Place of publication, distribution, etc. New Delhi
Name of publisher, distributor, etc. McGraw Hill
Date of publication, distribution, etc. 2014
300 ## - PHYSICAL DESCRIPTION
Extent 623 pg.
700 ## - ADDED ENTRY--PERSONAL NAME
Personal name Mahajan Shobhit.
-- Chaudhary S Rai.
930 ## - EQUIVALENCE OR CROSS-REFERENCE-UNIFORM TITLE HEADING [LOCAL, CANADA]
Uniform title 2754
Holdings
Withdrawn status Lost status Damaged status Not for loan Collection Home library Current library Date acquired Source of acquisition Cost, normal purchase price Total Checkouts Full call number Barcode Date last seen Copy number Price effective from Koha item type
          Yashwantrao Mohite College of Arts, Science And Commerce, Pune Yashwantrao Mohite College of Arts, Science And Commerce, Pune 24/03/2021 Bharati Sahakari Madhyavarti Grahak Bhandar 599.00   BEI YMP-22706 24/02/2023 2 24/02/2023 Book
          Yashwantrao Mohite College of Arts, Science And Commerce, Pune Yashwantrao Mohite College of Arts, Science And Commerce, Pune 24/03/2021 Bharati Sahakari Madhyavarti Grahak Bhandar 599.00   BEI YMP-22705 24/02/2023 1 24/02/2023 Book